000 00459nam a2200169Ia 4500
008 230524s9999 xx 000 0 und d
082 _a612
_bLIY
100 _aChandrani Liyanage
_923705
245 0 _aRadionuclides in Bimedical Sciences -An Introduction
250 _a1ST
260 _aNEW DELHI
_bFoundation
_c2004
300 _aVI;129
500 _aQuantity Number: 1
650 _aBiomedical
700 _a Manjula Hettiarachchi
_923706
942 _cBK
999 _c35248
_d35248